Responses for Show #8544 - Thursday, December 30, 2021

Amy Schneider game 22.

Contestants

[<< previous game]

Sarah Wrase, a certified public accountant from Monroe, Michigan

Nate Levy, a script coordinator from Los Angeles, California

Amy Schneider, an engineering manager from Oakland, California (whose 21-day cash winnings total $806,000)

[next game >>]

Jeopardy! Round responses

(Ken: First, celebrating its 50th year on the air...)
NEW YEAR'S ROCKIN' EVE
FACTS & FIGURES
WORLD ISLANDS
PANTS
DRAWING
A____
    $200 26
Dick Clark

Amy
    $200 16
(Sarah: What is the Constitution?)

the Bill of Rights

AmySarah
    $200 7
Greece

Sarah
    $200 1
bell bottoms

Sarah
    $200 21
da Vinci

Nate
    $200 6
an artery

Amy
    $400 27
Ryan Seacrest

Nate
    $400 17
Medicaid & Medicare

Sarah
    $400 8
Formosa

Amy
    $1,000 2
(Ken: That's correct, the New York Knicks.)

knickerbockers

Sarah
    $400 22
Edison

Amy
    $400 12
Axel

Nate
    $600 28
P!nk

Amy
    $600 18
Bud Light

Amy
    $600 9
Spain

Amy
    $600 3
hot pants

Amy
    $600 23
Pictionary

Nate
    $600 13
aforethought

Amy
    $800 29
Jennifer Lopez

Nate
    $800 19
the Chesapeake

Nate
    $800 10
(Ken: Yeah, in the Galápagos.)

Ecuador

Amy
    $800 4
palazzo pants

Nate
    $800 24
Audubon

Nate
    $800 14
alkaline

Amy
    $1000 30
(Ken: And Dick Clark's New Year's Rockin' Eve will ring in 2022 tomorrow evening.)

New Kids on the Block

Amy
    $1000 20
a crayfish

Amy
    $1000 11
Harris

Triple Stumper
    $1000 5
pantaloons

Nate
    $1000 25
(Amy: Who is Nass? [*]?)

(Thomas) Nast

Amy
    $1000 15
asinine

Amy

Scores at the first commercial break (after clue 15):

Amy Nate Sarah
$5,000 $2,200 $1,400

Scores at the end of the Jeopardy! Round:

Amy Nate Sarah
$10,000 $5,800 $1,600

Double Jeopardy! Round responses

QUICK HISTORY
GLOBAL LIT
WORD OF MOUTH
THE FIRST AFRICAN-AMERICAN...
MOVIE LANDMARKS
FEMALE NAME WORDS
    $400 1
the Incan Empire

Amy
    $400 6
Dante

Sarah
    $400 11
the gumline

Amy
    $400 30
the Supreme Court

Amy
    $400 25
Cairo

Amy
    $400 17
a carol

Amy
    $800 2
the Ottoman Empire

Nate
    $800 7
Buganda

Amy
    $800 12
the palate

Sarah
    $800 29
GQ

Sarah
    $800 24
Devils Tower

Amy
    $800 18
a patty

Nate
    $1200 3
Zeppelin

Amy
    $1200 8
Sydney

Triple Stumper
    $1200 13
(Sarah: What are the incisors?)

the canines

NateSarah
    $1200 26
(Sarah: What is the Navy?)
(Amy: What is the Marines?)

the Air Force

AmyNateSarah
    $1200 14
Notting Hill

Sarah
    $1200 19
Pepper

Nate
    $4,000 4
the Luddites

Amy
    $1600 9
(Amy: Who is Burgos?)
(Nate: Who is Saramago?)

(Jorge Luis) Borges

AmyNate
Triple Stumper
    $6,000 15
tonsillitis

Sarah
    $1600 27
(Nate: Who is Valerie Jarrett?)

Donna Brazile

Nate
Triple Stumper
    $1600 22
North by Northwest

Nate
    $1600 20
kitty

Amy
    $2000 5
Worms

Sarah
    $2000 10
Murakami

Sarah
    $2000 16
(Ken: Yes, was it fun to say?)
(Amy: Yeah.)
(Ken: Eh, not bad.)
[Laughter]

the uvula

Amy
    $2000 28
(Amy: What is... uh, uh...)
(Ken: Hurry.)

Bayreuth

Amy
Triple Stumper
    $2000 23
Monument Valley

Amy
    $2000 21
marina

Nate

Scores at the end of the Double Jeopardy! Round:

Amy Nate Sarah
$19,600 $11,400 $12,400

[wagering suggestions for these scores]

Final Jeopardy! Round responses

EXPLORERS
(Ken: [To Sarah] You're on the right track with a polar explorer.)
...
(Ken: [To Amy] It looks like it was going to be Shackleton, and changed to [*]. The fossils were found with [*] because he did not survive his journey back from the South Pole. They were proof that what is today Antarctica was once densely forested. )
NateWho is Leake?
$4,399
SarahWho is Amundson?
$12,399
AmyWho is Shack Scott
$6,000
(Robert Falcon) Scott

Final scores:

Amy Nate Sarah
$25,600 $7,001 $1
22-day champion: $831,600 2nd place: $2,000 3rd place: $1,000

Game dynamics:

Coryat scores:

Amy Nate Sarah
$17,200 $11,400 $7,400
28 R
(including 1 DD),
3 W
16 R,
2 W
11 R
(including 2 DDs),
3 W

Combined Coryat: $36,000

[game clues] [game scores] [suggest correction]

Game tape date: 2021-10-12
The J! Archive is created by fans, for fans. Scraping, republication, monetization, and malicious use prohibited; this site may use cookies and collect identifying information. See terms. The Jeopardy! game show and all elements thereof, including but not limited to copyright and trademark thereto, are the property of Jeopardy Productions, Inc. and are protected under law. This website is not affiliated with, sponsored by, or operated by Jeopardy Productions, Inc. Join the discussion at JBoard.tv.